000
00314nam a22001217a 4500
008
160507b xxu||||| |||| 00| 0 eng d
020
_a
9780130647870
020
_a
013064787
041
_a
eng
080
_a
573
245
_a
Biology life on earth:
_c
Tersa Audesirk; Gerald Audesirk; Bruce E.Byers;
942
_2
udc
_c
BK
999
_c
1908
_d
1908